书目信息 |
| 题名: |
金钥匙
|
|
| 作者: | 赖传林 主编 | |
| 分册: | ||
| 出版信息: | 武汉 湖北人民出版社 1996 |
|
| 页数: | 10,13,225页 | |
| 开本: | 19cm | |
| 丛书名: | ||
| 单 册: | ||
| 中图分类: | G622 | |
| 科图分类: | 33.214 | |
| 主题词: | 职工-政治工作 , 政治工作-职工 , 教育--各级 | |
| 电子资源: | ||
| ISBN: | 7-216-01822-2 | |
| 000 | 00934nam0 2200289 45 | |
| 001 | 1539089129 | |
| 005 | 20150207154416.34 | |
| 010 | @a7-216-01822-2@dCNY9.00 | |
| 100 | @a19960731d1996 em y0chiy0121 ea | |
| 101 | 0 | @achi |
| 102 | @aCN@b420000 | |
| 105 | @ay z 000yy | |
| 200 | 10 | @a金钥匙@AJIN YAO SHI@e职工思想政治工作方法示例@EZHI GONG SI XIANG ZHENG ZHI GONG ZUO FANG FA SHI LI@f赖传林主编@FLAI CHUAN LIN ZHU BIAN |
| 210 | @a武汉@c湖北人民出版社@d1996 | |
| 215 | @a10,13,225页@d19cm | |
| 300 | @a封面主编题:赖传琳 | |
| 314 | @a赖传林,湖北省工商银行副行长 | |
| 517 | 1 | @a职工思想政治工作方法示例@AZHI GONG SI XIANG ZHENG ZHI GONG ZUO FANG FA SHI LI |
| 540 | 1 | @a思想工作@ASI XIANG GONG ZUO |
| 606 | @a职工-政治工作 | |
| 606 | @a政治工作-职工 | |
| 606 | 0 | @a教育@x各级 |
| 690 | @aG622@v4 | |
| 692 | @a33.214 | |
| 701 | 0 | @a赖传林@ALAI CHUAN LIN@4主编 |
| 801 | 0 | @aCN@bTSSF@c20150207 |
| 905 | @aZUCC@dG622@eJY148 | |
| 金钥匙:职工思想政治工作方法示例/赖传林主编.-武汉:湖北人民出版社,1996 |
| 10,13,225页;19cm |
| 封面主编题:赖传琳 |
| ISBN 7-216-01822-2:CNY9.00 |
| ● |
| 相关链接 |
|
|
|
|
正题名:金钥匙
索取号:G622/JY148
 
预约/预借
| 序号 | 登录号 | 条形码 | 馆藏地/架位号 | 状态 | 备注 |
| 1 | 7852816 | 278528167 | 学院路分馆/ [索取号:G622/JY148] | 在馆 | |
| 2 | 7852817 | 278528176 | 学院路分馆/ [索取号:G622/JY148] | 在馆 | |
| 3 | 7852818 | 278528185 | 学院路分馆/ [索取号:G622/JY148] | 在馆 |